LEADER 00936nam a2200229 i 4500 001 000000050650 003 CaOOAMICUS 005 20121217000000.0 008 121217s1960 it u000 u ita u 013 $a21821 040 $aSeMil$bita 100 1 $aMilani, Mino.$0(OLS)http://semarc/name/25074 245 10$aGaribaldi e i Mille /$cdi Mino Milani. 260 $aMilano :$bCino del Duca,$c1960. 300 $a136 p., [1] c. di tav. ripieg. :$bill. ;$c27 cm. 500 $an testa al front.: Comune di Milano, Ripartizione educazione. 600 14$aGaribaldi, Giuseppe <1807-1882>.$0(OLS)http://semarc/subject/236 650 4$aRisorgimento italiano.$0(OLS)http://semarc/subject/4116 850 $aSeMil 852 $aSeMil$W1$xVenegono$y1$m3O V 154$j16805$B16805$CSeMilBibl$Z2$F16805 $81 996 $6245$aGaribaldi e i Mille$9(OLS)http://semarc/title/77345 996 $6260$aMilano :$bCino del Duca$9(OLS)http://semarc/publisher/41274 LEADER 00694nam a2200181 i 4500 001 000000110851 003 CaOOAMICUS 005 20260409121658.0 008 021217n fr u000 u fre u 040 $aSeMil$bita 245 10$a[A-L]. 300 $aXXI, 1156 p. 773 0 $tDictionnaire historique de la langue française.$dParis : Dictionnaires Le Robert, 1992.$z2-85036-187-9$w()8193 850 $aSeMil 852 $aSeMil$W1$xVenegono$y1$mSL1.A IV 12/1$j269954$B66710$CSeMilBibl$Z2$F83661 $8I 961 $aOmaggio: Martini Card. Carlo Maria. -- Dedica autografa di Alessandro Antoniazzi al Card. C.M. Martini. 996 $6245$a[A-L]$9(OLS)http://semarc/title/76840